Catálogo
 En Linea

Calderón : (Registro nro. 36974)

Detalles MARC
000 -CABECERA
campo de control de longitud fija 00997nam a2200205 a 4500
001 - NÚMERO DE CONTROL
campo de control 000037484
005 - FECHA Y HORA DE LA ÚLTIMA TRANSACCIÓN
campo de control 20200930080406.0
008 - DATOS DE LONGITUD FIJA--INFORMACIÓN GENERAL
campo de control de longitud fija 120420s1983 000 spa d
020 ## - NÚMERO INTERNACIONAL ESTÁNDAR DEL LIBRO
Número Internacional Estándar del Libro 8400054911
040 ## - FUENTE DE LA CATALOGACIÓN
Centro catalogador/agencia de origen DO-SdBNP
Lengua de catalogación spa
-- BNPHU
111 1# - ENTRADA PRINCIPAL--NOMBRE DE CONGRESO/REUNIÓN
Nombre de congreso/reunión o jurisdicción como elemento de entrada Congreso Internacional sobre Calderoón y el Teatro Español del Siglo de Oro
Fecha del congreso/reunión (1981 : 8-13 junio
Sede del congreso/Lugar de la reunión Madrid, Spain)
9 (RLIN) 63925
245 10 - MENCIÓN DE TÍTULO
Título Calderón :
Resto del título actas del Congreso Internacional sobre Calderón y el Teatro Españool del Siglo de Oro : Madrid, 8-13 de junio de 1981 /
Mención de responsabilidad, etc. publicadas bajo la dirección de Luciano García Lorenzo.
260 ## - PUBLICACIÓN, DISTRIBUCIÓN, ETC.
Lugar de publicación, distribución, etc. Madrid :
Nombre del editor, distribuidor, etc. Consejo Superior de Investivagación Científicas,
Fecha de publicación, distribución, etc. 1983.
300 ## - DESCRIPCIÓN FÍSICA
Extensión v. ;
Dimensiones 25 cm.
490 1# - MENCIÓN DE SERIE
Mención de serie Anejos de la revista "Seguismundo"
Designación de volumen o secuencia 6
500 ## - NOTA GENERAL
Nota general La biblioteca posee el v. 1
500 ## - NOTA GENERAL
Nota general Incluye referencias bibliográficas y notas al pie de las páginas
710 2# - PUNTO DE ACCESO ADICIONAL--NOMBRE DE ENTIDAD CORPORATIVA
Nombre de entidad corporativa o nombre de jurisdicción como elemento de entrada Consejo Superior de Investivagación Científica
9 (RLIN) 63926
830 #0 - PUNTO DE ACCESO ADICIONAL DE SERIE-TÍTULO UNIFORME
Título uniforme Anejos de la revista "Seguismundo"
Designación de volumen o secuencia 6
9 (RLIN) 63927
Existencias
Estado de retiro Estado de pérdida Restricciones de uso No para préstamo Código de colección Localización permanente Ubicación/localización actual Ubicación en estantería Fecha de adquisición Número de inventario Total de préstamos Signatura topográfica completa Código de barras Fecha visto por última vez Precio válido a partir de Tipo de ítem Koha
        Monografías: Libros y Folletos General General Orden iniciada 20.04.2012 LF1   37484-10 25.06.2020 25.06.2020 No se presta

Con tecnología Koha